Entry Topical Term
Number of records used in: 6
001 - CONTROL NUMBER
003 - CONTROL NUMBER IDENTIFIER
005 - DATE AND TIME OF LATEST TRANSACTION
- control field:
20230112113159.0
008 - FIXED-LENGTH DATA ELEMENTS
- fixed length control field:
230112|| aca||aabn | a|a d
040 ## - CATALOGING SOURCE
- Original cataloging agency:
OSt
- Transcribing agency:
OSt
150 ## - HEADING--TOPICAL TERM
- Topical term or geographic name as entry element:
PHARMCY
- General subdivision:
B.PHARMA
670 ## - SOURCE DATA FOUND
- Source citation:
Work cat.: (OSt)6122: SIDDIQUI ANEES A & OTHERS 6707, ORGANIC MEDICINAL CHEMISTRY PRACTICAL MANUAL : FOR --- STUDENT, 2020